[Event "ODJM A 2014"]
[Site "Magdeburg GER"]
[Date "2014.06.10"]
[Round "4"]
[White "Rietze, Clemens"]
[Black "Berchtenbreiter, Maximilian"]
[Result "1/2-1/2"]
[Termination "normal"]
[Board "1"]
[WhiteTitle "FM"]
[BlackTitle "IM"]
[WhiteElo "2288"]
[BlackElo "2396"]
[WhiteClock "00:03:31"]
[BlackClock "00:22:17"]
[PlyCount "57"]
[WhiteFideId "24620351"]
[BlackFideId "24641120"]
[EventCountry "GER"]
[EventRounds "9"]
[EventType "swiss"]
[EventDate "2014.06.07"]

1. d4 Nf6 2. c4 a6 3. Nf3 c5 4. d5 e6 5. a4 exd5 6. cxd5 Bd6 7. Nc3 Qe7 8. Bg5
Bc7 9. d6 Qxd6 10. Qxd6 Bxd6 11. Bxf6 gxf6 12. Nd5 Kd8 13. Nxf6 Nc6 14. O-O-O
Be7 15. Nd5 b5 16. e3 Rb8 17. axb5 axb5 18. Bd3 d6 19. Ne1 Be6 20. Be4 Nb4 21.
Nxb4 cxb4 22. Bd5 Kd7 23. Nc2 Rhg8 24. g3 Rgc8 25. Kb1 Bf5 26. e4 Bg6 27. Nxb4
f5 28. Rhe1 Bf6 29. exf5 1/2-1/2

[Event "ODJM A 2014"]
[Site "Magdeburg GER"]
[Date "2014.06.10"]
[Round "4"]
[White "Kaplun, David"]
[Black "Wenninger, Philipp"]
[Result "0-1"]
[Termination "normal"]
[Board "2"]
[WhiteElo "1800"]
[BlackElo "2251"]
[WhiteClock "00:13:25"]
[BlackClock "00:25:45"]
[PlyCount "86"]
[WhiteFideId "12901954"]
[BlackFideId "4648404"]
[EventCountry "GER"]
[EventRounds "9"]
[EventType "swiss"]
[EventDate "2014.06.07"]

1. d4 d5 2. Nf3 Nf6 3. e3 c6 4. b3 Bg4 5. h3 Bh5 6. g4 Bg6 7. Ne5 Nfd7 8. Nxg6
hxg6 9. Bb2 e6 10. Nd2 Bd6 11. c4 Nf6 12. Bd3 Nbd7 13. e4 dxe4 14. Nxe4 Nxe4
15. Bxe4 Nf6 16. Bf3 Qa5+ 17. Kf1 O-O-O 18. Qe1 Qg5 19. Kg2 Nh5 20. Bc1 Nf4+
21. Bxf4 Qxf4 22. Qe3 Kb8 23. Qxf4 Bxf4 24. Rad1 Rd7 25. d5 cxd5 26. cxd5 e5
27. Be4 Rf8 28. Bf3 f5 29. Be2 a6 30. a4 Kc7 31. Bc4 Kd6 32. Ra1 Rc8 33. Rhd1
Rdc7 34. Kf3 Bg5 35. Kg3 Re7 36. Rh1 f4+ 37. Kg2 e4 38. Ra2 f3+ 39. Kg3 Rf7 40.
h4 Bf4+ 41. Kh3 Rh8 42. Re1 Rxh4+ 43. Kxh4 g5+ 0-1

[Event "ODJM A 2014"]
[Site "Magdeburg GER"]
[Date "2014.06.10"]
[Round "4"]
[White "Cremer, Jan Paul"]
[Black "Giraud, Valerian"]
[Result "1-0"]
[Termination "normal"]
[Board "3"]
[WhiteElo "2211"]
[BlackElo "2004"]
[WhiteClock "00:21:14"]
[BlackClock "00:19:24"]
[PlyCount "69"]
[WhiteFideId "24686115"]
[BlackFideId "12920355"]
[EventCountry "GER"]
[EventRounds "9"]
[EventType "swiss"]
[EventDate "2014.06.07"]

1. e4 e6 2. d4 d5 3. Nd2 c5 4. Ngf3 cxd4 5. Nxd4 Nc6 6. Bb5 Bd7 7. Nxc6 bxc6 8.
Bd3 Bd6 9. Qe2 Qc7 10. h3 Nf6 11. O-O O-O 12. Re1 e5 13. b3 Rfe8 14. Bb2 Rab8
15. Rad1 a5 16. c4 a4 17. cxd5 cxd5 18. exd5 Nxd5 19. Qe4 Nf6 20. Qh4 Bc6 21.
Nc4 Rbd8 22. Nxd6 Rxd6 23. Rxe5 Red8 24. Re3 Be4 25. Be5 Rxd3 26. Bxc7 Rxd1+
27. Kh2 R8d4 28. Be5 Rh1+ 29. Kg3 Rg1 30. Bxd4 Rxg2+ 31. Kf4 g5+ 32. Qxg5+ Rxg5
33. Kxg5 axb3 34. axb3 Nd5 35. Rxe4 1-0

[Event "ODJM A 2014"]
[Site "Magdeburg GER"]
[Date "2014.06.10"]
[Round "4"]
[White "Stein, Daniel"]
[Black "Reisberg, Andre"]
[Result "1-0"]
[Termination "normal"]
[Board "4"]
[WhiteElo "1969"]
[BlackElo "1989"]
[WhiteClock "00:27:33"]
[BlackClock "00:00:36"]
[PlyCount "55"]
[WhiteFideId "12939307"]
[BlackFideId "1270630"]
[EventCountry "GER"]
[EventRounds "9"]
[EventType "swiss"]
[EventDate "2014.06.07"]

1. d4 d5 2. c4 c6 3. Nc3 Nf6 4. Nf3 e6 5. e3 Nbd7 6. Bd3 dxc4 7. Bxc4 b5 8. Bd3
a6 9. e4 c5 10. e5 cxd4 11. Nxb5 Ng4 12. Qa4 axb5 13. Qxa8 Bb4+ 14. Kf1 O-O 15.
Qe4 f5 16. Qe2 Bb7 17. Bf4 Qb8 18. Bxb5 Nc5 19. Nxd4 Ne4 20. Nxe6 Ngxf2 21.
Nxf8 Nxh1 22. Qc4+ Kh8 23. Qxb4 Ba6 24. a4 Qb6 25. Qe1 Bb7 26. Nd7 Qg6 27. Qa5
Neg3+ 28. hxg3 1-0

[Event "ODJM A 2014"]
[Site "Magdeburg GER"]
[Date "2014.06.10"]
[Round "4"]
[White "Bart, Simon"]
[Black "Gölz, Daniel"]
[Result "1-0"]
[Termination "normal"]
[Board "5"]
[WhiteElo "2027"]
[BlackElo "2225"]
[WhiteClock "00:28:33"]
[BlackClock "00:16:25"]
[PlyCount "55"]
[WhiteFideId "24637327"]
[BlackFideId "24626325"]
[EventCountry "GER"]
[EventRounds "9"]
[EventType "swiss"]
[EventDate "2014.06.07"]

1. e4 c5 2. Nf3 Nc6 3. d4 cxd4 4. Nxd4 Nf6 5. Nc3 e5 6. Ndb5 d6 7. Bg5 a6 8.
Bxf6 gxf6 9. Na3 f5 10. Qh5 Bg7 11. Bc4 O-O 12. exf5 Ne7 13. Bd3 f6 14. Qf3 d5
15. Nxd5 Nxd5 16. Bc4 Qa5+ 17. c3 Rd8 18. Rd1 Bxf5 19. Qxf5 Kh8 20. Bd3 Kg8 21.
Qxh7+ Kf8 22. Bc4 Rd7 23. O-O Rad8 24. h4 Kf7 25. h5 Rh8 26. Qg6+ Kf8 27. Qg4
Qd8 28. Qe6 1-0

[Event "ODJM A 2014"]
[Site "Magdeburg GER"]
[Date "2014.06.10"]
[Round "4"]
[White "Meißner, Felix"]
[Black "Wieber, Dominik"]
[Result "1/2-1/2"]
[Termination "normal"]
[Board "6"]
[WhiteTitle "FM"]
[WhiteElo "2254"]
[BlackElo "1845"]
[WhiteClock "00:07:30"]
[BlackClock "00:07:30"]
[PlyCount "62"]
[WhiteFideId "24671827"]
[BlackFideId "24699012"]
[EventCountry "GER"]
[EventRounds "9"]
[EventType "swiss"]
[EventDate "2014.06.07"]

1. d4 d5 2. c4 c6 3. Nc3 Nf6 4. e3 e6 5. Nf3 Bd6 6. Bd3 Nbd7 7. O-O b6 8. Qe2
Bb7 9. cxd5 cxd5 10. Bd2 O-O 11. Rac1 a6 12. Rfd1 Qe7 13. Be1 b5 14. a4 b4 15.
Nb1 a5 16. Nbd2 Nb6 17. Bb5 Rfc8 18. Ne5 Bxe5 19. dxe5 Nfd7 20. f4 Nc5 21. b3
Bc6 22. Bd3 Nxd3 23. Qxd3 Nd7 24. Qd4 Qd8 25. Nf3 Bb7 26. Bh4 f6 27. exf6 gxf6
28. h3 Kf7 29. Qd3 Nf8 30. Ne5+ Kg7 31. Nf3 Rxc1 1/2-1/2

[Event "ODJM A 2014"]
[Site "Magdeburg GER"]
[Date "2014.06.10"]
[Round "4"]
[White "Alten, Silvio"]
[Black "Doberitz, Paul"]
[Result "0-1"]
[Termination "normal"]
[Board "7"]
[WhiteElo "1890"]
[BlackElo "2211"]
[PlyCount "122"]
[WhiteFideId "24660078"]
[BlackFideId "24646130"]
[EventCountry "GER"]
[EventRounds "9"]
[EventType "swiss"]
[EventDate "2014.06.07"]

1. e4 d6 2. d4 Nf6 3. Nc3 g6 4. Nf3 Bg7 5. Bc4 c6 6. Bb3 O-O 7. O-O Qc7 8. h3
Nbd7 9. a4 e5 10. Be3 b6 11. dxe5 Nxe5 12. Nxe5 dxe5 13. Qe2 Nh5 14. Rfd1 Nf4
15. Qf1 Ne6 16. Bc4 f5 17. f3 Kh8 18. Bd3 Qe7 19. a5 b5 20. Qf2 f4 21. Bd2 g5
22. Na2 Nd4 23. Nb4 Rf6 24. Bxb5 Nxb5 25. Nd3 Nd4 26. Bb4 Qc7 27. Nxe5 c5 28.
Bxc5 Qxc5 29. Qxd4 Qxd4+ 30. Rxd4 Rf8 31. Rd5 Be6 32. Rd6 Bxe5 33. Rxe6 Bxb2
34. Rd1 Rac8 35. Re7 Rxc2 36. Rxa7 Rc4 37. Kh2 Bd4 38. Rd7 Bf2 39. a6 Ra4 40.
R7d5 h6 41. Rd6 Bg3+ 42. Kh1 Ra8 43. Rxh6+ Kg7 44. Rhd6 R4xa6 45. Rxa6 Rxa6 46.
Kg1 Ra2 47. Kh1 Kf6 48. Kg1 Bf2+ 49. Kh1 Re2 50. Kh2 Re1 51. Rxe1 Bxe1 52. Kg1
Ke5 53. Kf1 Bb4 54. Ke2 Kd4 55. Kf2 Bd6 56. Kg1 Ke3 57. h4 gxh4 58. Kh2 Kf2 59.
Kh3 Kg1 60. Kxh4 Kxg2 61. Kg4 Bc7 0-1

[Event "ODJM A 2014"]
[Site "Magdeburg GER"]
[Date "2014.06.10"]
[Round "4"]
[White "van Klev, Fabian"]
[Black "Carow, Annelen"]
[Result "1/2-1/2"]
[Termination "normal"]
[Board "8"]
[WhiteElo "1880"]
[BlackElo "2044"]
[PlyCount "108"]
[WhiteFideId "12964255"]
[BlackFideId "24692492"]
[EventCountry "GER"]
[EventRounds "9"]
[EventType "swiss"]
[EventDate "2014.06.07"]

1. Nf3 c5 2. e4 e6 3. d4 cxd4 4. Nxd4 a6 5. Bd3 Bc5 6. Nb3 Be7 7. O-O Nc6 8.
Be3 Nf6 9. Nc3 d6 10. a4 b6 11. Nd4 Nb4 12. Be2 Bb7 13. Bf3 Qc7 14. Qd2 d5 15.
exd5 Nbxd5 16. Nxd5 Nxd5 17. Bxd5 Bxd5 18. Bf4 Qb7 19. f3 Rd8 20. Qe2 Bc5 21.
Be3 O-O 22. Rfd1 Qc8 23. Bf2 Rd7 24. Rd2 Rfd8 25. Rad1 Bb4 26. c3 Bd6 27. Bg3
Bc4 28. Qe1 Bc5 29. Bf2 Qc7 30. b3 Bd5 31. c4 Bb7 32. Nc2 Bd6 33. Bg3 Bxg3 34.
hxg3 Rxd2 35. Rxd2 Rxd2 36. Qxd2 f6 37. Kf2 Kf7 38. Qd4 Qc5 39. b4 Qc6 40. b5
Qc7 41. Nb4 axb5 42. axb5 Ke7 43. Nd3 Qd6 44. Ke3 Qxd4+ 45. Kxd4 Kd6 46. c5+
bxc5+ 47. Nxc5 e5+ 48. Kc4 Bd5+ 49. Kb4 f5 50. b6 e4 51. fxe4 fxe4 52. b7 Kc7
53. Kc3 Bxb7 54. Nxb7 Kxb7 1/2-1/2

[Event "ODJM A 2014"]
[Site "Magdeburg GER"]
[Date "2014.06.10"]
[Round "4"]
[White "Lüßmann, Thomas"]
[Black "Laubrock, Paul"]
[Result "1-0"]
[Termination "normal"]
[Board "9"]
[WhiteElo "1893"]
[BlackElo "1779"]
[PlyCount "67"]
[WhiteFideId "1270602"]
[BlackFideId "1270509"]
[EventCountry "GER"]
[EventRounds "9"]
[EventType "swiss"]
[EventDate "2014.06.07"]

1. d4 Nf6 2. c4 e6 3. g3 c5 4. Nf3 cxd4 5. Nxd4 Nc6 6. Bg2 Bb4+ 7. Bd2 Bc5 8.
Nb3 Be7 9. Nc3 Ne5 10. Bf4 Nxc4 11. Nb5 e5 12. Rc1 a6 13. Rxc4 axb5 14. Rxc8
Qxc8 15. Bxe5 O-O 16. O-O Rxa2 17. Qd2 Ra4 18. Rd1 Rd8 19. h4 b6 20. Bd4 Qc4
21. Qe3 Qe6 22. Qd3 Qc4 23. Qe3 Re8 24. Bxf6 gxf6 25. Rxd7 Qe6 26. Qd3 Kh8 27.
Rd5 Bf8 28. Nd4 Qg4 29. Qxb5 Ra1+ 30. Kh2 Rb8 31. Qc6 Kg7 32. Nf5+ Kg6 33. Be4
Qxe2 34. h5+ 1-0

[Event "ODJM A 2014"]
[Site "Magdeburg GER"]
[Date "2014.06.10"]
[Round "4"]
[White "Balazs, Balint"]
[Black "Hartmann, Jakob"]
[Result "1-0"]
[Termination "normal"]
[Board "10"]
[WhiteElo "1846"]
[BlackElo "1717"]
[PlyCount "93"]
[WhiteFideId "12922757"]
[BlackFideId "12918067"]
[EventCountry "GER"]
[EventRounds "9"]
[EventType "swiss"]
[EventDate "2014.06.07"]

1. e4 e5 2. Bc4 Nf6 3. d3 c6 4. Nf3 d5 5. exd5 cxd5 6. Bb3 Bd6 7. Bg5 Be6 8.
Nc3 Bc7 9. O-O Nc6 10. Re1 O-O 11. Bxf6 gxf6 12. Qd2 Kh8 13. Nh4 Rg8 14. Qh6
Nd4 15. Ne2 Nxe2+ 16. Rxe2 f5 17. Nf3 Rg6 18. Qd2 f6 19. Nh4 Rg7 20. f4 Rg4 21.
Nf3 Rxf4 22. h3 Qg8 23. Kh1 e4 24. Nd4 Qg3 25. Kg1 Bb6 26. c3 Bf7 27. Re3 Bxd4
28. cxd4 Rf3 29. Rxf3 exf3 30. Qf2 Rg8 31. Qxg3 Rxg3 32. Kf2 Rxg2+ 33. Kxf3
Rxb2 34. Rc1 Rd2 35. Rc7 Bh5+ 36. Ke3 Rh2 37. Bxd5 Rxh3+ 38. Kd2 Bf3 39. Bxf3
Rxf3 40. d5 Rg3 41. d6 Rg4 42. Kc3 b5 43. d4 b4+ 44. Kc4 f4 45. d7 f3 46. d8=Q+
Rg8 47. Qxf6+ 1-0

[Event "ODJM A 2014"]
[Site "Magdeburg GER"]
[Date "2014.06.10"]
[Round "4"]
[White "Hirtreiter, Pierre"]
[Black "Wolff, Marie Antoinette"]
[Result "1-0"]
[Termination "normal"]
[Board "11"]
[WhiteElo "1810"]
[BlackElo "1628"]
[PlyCount "87"]
[WhiteFideId "12966312"]
[BlackFideId "12908258"]
[EventCountry "GER"]
[EventRounds "9"]
[EventType "swiss"]
[EventDate "2014.06.07"]

1. e4 c5 2. Nf3 Nc6 3. c4 d6 4. d4 cxd4 5. Nxd4 Nf6 6. Nc3 g6 7. Be2 Bg7 8. Be3
O-O 9. Nc2 a6 10. h3 Rb8 11. O-O Be6 12. Na3 Qd7 13. Rb1 Rbc8 14. Qd2 Ne5 15.
b3 Rfe8 16. f4 Nc6 17. Bd3 Bxh3 18. Nd5 Bg4 19. Nb6 Qc7 20. Nxc8 Qxc8 21. Nc2
Nd7 22. b4 Qc7 23. b5 axb5 24. cxb5 Ncb8 25. Nd4 Nc5 26. b6 Qd8 27. Nb3 Nbd7
28. Nxc5 Nxc5 29. Bb5 Rf8 30. Bd3 e6 31. Bc2 Qe7 32. a4 h5 33. f5 exf5 34. exf5
Ne4 35. Bxe4 Qxe4 36. Rb4 Qc6 37. f6 Bh8 38. Rc1 Qd7 39. Bd4 Re8 40. Qf2 Re2
41. Qf4 Qe6 42. Rbc4 Re1+ 43. Kh2 Rxc1 44. Rxc1 1-0

[Event "ODJM A 2014"]
[Site "Magdeburg GER"]
[Date "2014.06.10"]
[Round "4"]
[White "Zeller, Elisa"]
[Black "Peters, Florian"]
[Result "1/2-1/2"]
[Termination "normal"]
[Board "12"]
[WhiteElo "1921"]
[BlackElo "1755"]
[PlyCount "70"]
[WhiteFideId "24662410"]
[BlackFideId "12952028"]
[EventCountry "GER"]
[EventRounds "9"]
[EventType "swiss"]
[EventDate "2014.06.07"]

1. e4 c5 2. Nf3 e6 3. d4 cxd4 4. Nxd4 a6 5. Nc3 Qc7 6. Be2 Nc6 7. O-O Nf6 8.
Bf3 b5 9. Nxc6 dxc6 10. Re1 e5 11. Ne2 Be7 12. Ng3 O-O 13. Be3 Be6 14. c3 Rac8
15. Bg5 h6 16. Bxf6 Bxf6 17. Nf5 Rfd8 18. Qc2 Bg5 19. h4 Rd2 20. Qc1 Bf4 21. g3
Qa7 22. Ne3 Bxe3 23. Rxe3 Rcd8 24. Be2 f5 25. exf5 Bxf5 26. Rxe5 Rc2 27. Qf1
Rdd2 28. Rxf5 Rxe2 29. a4 Rxb2 30. axb5 cxb5 31. Rd1 a5 32. Re1 Qd7 33. Rxe2
Rxe2 34. Qxe2 Qxf5 35. Qa2+ Kh7 1/2-1/2

[Event "ODJM A 2014"]
[Site "Magdeburg GER"]
[Date "2014.06.10"]
[Round "4"]
[White "Borchert, Louis"]
[Black "Schmidt, Daniel"]
[Result "1/2-1/2"]
[Termination "normal"]
[Board "13"]
[WhiteElo "1869"]
[BlackElo "1775"]
[PlyCount "90"]
[WhiteFideId "12990680"]
[BlackFideId "12957950"]
[EventCountry "GER"]
[EventRounds "9"]
[EventType "swiss"]
[EventDate "2014.06.07"]

1. e4 c5 2. c3 Nf6 3. e5 Nd5 4. d4 cxd4 5. Nf3 e6 6. cxd4 Bb4+ 7. Bd2 Bxd2+ 8.
Nbxd2 d6 9. Ne4 dxe5 10. dxe5 O-O 11. Be2 Qa5+ 12. Qd2 Qxd2+ 13. Nfxd2 Nc6 14.
Nc4 Nf4 15. g3 Nxe2 16. Kxe2 b6 17. f4 Ba6 18. Ned6 Na5 19. Rac1 Nxc4 20. Nxc4
Rac8 21. b3 Rfd8 22. Ke3 Bxc4 23. Rxc4 Rxc4 24. bxc4 Kf8 25. a4 Ke7 26. a5 Rc8
27. Kd4 Kd7 28. Ra1 Rc7 29. axb6 axb6 30. Ra8 h5 31. Rf8 Kc6 32. h3 g6 33. Rd8
Rd7+ 34. Rxd7 Kxd7 35. Kc3 Kc7 36. Kb3 Kc6 37. Kb4 Kc7 38. Kb5 Kb7 39. Ka4 Kc6
40. Kb4 Kc7 41. c5 Kc6 42. cxb6 Kxb6 43. Kc4 Kc6 44. g4 hxg4 45. hxg4 Kb6
1/2-1/2

[Event "ODJM A 2014"]
[Site "Magdeburg GER"]
[Date "2014.06.10"]
[Round "4"]
[White "Thumm, Felix"]
[Black "Gauchel, Lorenz"]
[Result "1/2-1/2"]
[Termination "normal"]
[Board "14"]
[WhiteElo "1755"]
[BlackElo "1766"]
[PlyCount "46"]
[WhiteFideId "12902209"]
[BlackFideId "12905283"]
[EventCountry "GER"]
[EventRounds "9"]
[EventType "swiss"]
[EventDate "2014.06.07"]

1. d4 d5 2. Nf3 Nf6 3. e3 e6 4. Bd3 c5 5. b3 Nc6 6. a3 Be7 7. Bb2 b6 8. Nbd2
Bb7 9. O-O O-O 10. Ne5 Rc8 11. f4 Nxe5 12. dxe5 Ne4 13. Nxe4 dxe4 14. Bc4 Qxd1
15. Raxd1 Rfd8 16. Kf2 Rxd1 17. Rxd1 Rd8 18. Rxd8+ Bxd8 19. Ke2 Bc6 20. a4 Kf8
21. Kd2 Be7 22. Ba3 a5 23. Bb2 Ke8 1/2-1/2

[Event "ODJM A 2014"]
[Site "Magdeburg GER"]
[Date "2014.06.10"]
[Round "4"]
[White "Biefel, Christian"]
[Black "Heldt, Nils-Lennart"]
[Result "1/2-1/2"]
[Termination "normal"]
[Board "15"]
[WhiteElo "1774"]
[BlackElo "1593"]
[PlyCount "86"]
[WhiteFideId "24692646"]
[BlackFideId "12952109"]
[EventCountry "GER"]
[EventRounds "9"]
[EventType "swiss"]
[EventDate "2014.06.07"]

1. c4 c6 2. e4 d5 3. exd5 cxd5 4. d4 Nf6 5. Nc3 Nc6 6. Nf3 Bg4 7. cxd5 Nxd5 8.
Be2 e6 9. O-O Be7 10. h3 Bf5 11. a3 O-O 12. Qb3 Na5 13. Qa2 Nb6 14. b4 Nc6 15.
Rd1 Bf6 16. Bb2 a5 17. b5 Ne7 18. g4 Bg6 19. g5 Bxg5 20. Nxg5 Ned5 21. Nce4 h6
22. Nxe6 fxe6 23. Ng3 Qf6 24. Rf1 Na4 25. Bc4 Nxb2 26. Qxb2 Nf4 27. Rae1 Kh8
28. Qa2 Nxh3+ 29. Kh2 Ng5 30. f4 Nh7 31. Rxe6 Qh4+ 32. Kg2 Bf7 33. Re5 Bxc4 34.
Qxc4 Rac8 35. Qe2 Nf6 36. Nf5 Qg4+ 37. Ng3 Qxe2+ 38. Nxe2 Ng4 39. Re7 Rfe8 40.
Rxe8+ Rxe8 41. Kg3 h5 42. Nc3 Rc8 43. Rf3 Re8 1/2-1/2

[Event "ODJM A 2014"]
[Site "Magdeburg GER"]
[Date "2014.06.10"]
[Round "4"]
[White "Schwenke, Stefan"]
[Black "Wastian, Jan"]
[Result "1/2-1/2"]
[Termination "normal"]
[Board "16"]
[WhiteElo "1758"]
[BlackElo "1647"]
[PlyCount "42"]
[WhiteFideId "12948438"]
[BlackFideId "12911640"]
[EventCountry "GER"]
[EventRounds "9"]
[EventType "swiss"]
[EventDate "2014.06.07"]

1. e4 c6 2. Nc3 d5 3. exd5 cxd5 4. d4 Nc6 5. Nf3 Bg4 6. Be2 Nf6 7. Bf4 e6 8.
Nb5 Rc8 9. O-O a6 10. Nc3 Bd6 11. Ne5 Bxe2 12. Nxe2 O-O 13. c3 b5 14. Nd3 Bxf4
15. Nexf4 Nd7 16. a4 Qb6 17. axb5 Qxb5 18. Qa4 Qxa4 19. Rxa4 a5 20. Rfa1 Rb8
21. Ne2 Rb3 1/2-1/2

[Event "ODJM A 2014"]
[Site "Magdeburg GER"]
[Date "2014.06.10"]
[Round "4"]
[White "Heldt, Ronny"]
[Black "Dathe, Frederick"]
[Result "0-1"]
[Termination "normal"]
[Board "17"]
[WhiteElo "1802"]
[BlackElo "1576"]
[PlyCount "56"]
[WhiteFideId "12903973"]
[BlackFideId "12963070"]
[EventCountry "GER"]
[EventRounds "9"]
[EventType "swiss"]
[EventDate "2014.06.07"]

1. Nf3 Nf6 2. c4 e6 3. Nc3 d5 4. b3 Be7 5. g3 Nbd7 6. Bg2 O-O 7. O-O Nb6 8. a3
c5 9. e3 Qc7 10. Bb2 a6 11. Qe2 Rd8 12. Rad1 Bd7 13. Ng5 Bc6 14. f4 d4 15. Nce4
Nc8 16. Nxf6+ Bxf6 17. Ne4 Bxe4 18. Bxe4 Nd6 19. exd4 Bxd4+ 20. Bxd4 cxd4 21.
f5 exf5 22. Bxf5 Re8 23. Qg4 Rad8 24. Rde1 Qa5 25. Rxe8+ Rxe8 26. Qxd4 Nxf5 27.
Qd7 Qb6+ 28. Kh1 Nd6 0-1

[Event "ODJM A 2014"]
[Site "Magdeburg GER"]
[Date "2014.06.10"]
[Round "4"]
[White "Hesse, Henrik"]
[Black "Nahnsen, Kenneth"]
[Result "0-1"]
[Termination "normal"]
[Board "18"]
[WhiteElo "1645"]
[BlackElo "1729"]
[PlyCount "56"]
[WhiteFideId "12952060"]
[BlackFideId "12957119"]
[EventCountry "GER"]
[EventRounds "9"]
[EventType "swiss"]
[EventDate "2014.06.07"]

1. c4 e5 2. Nc3 d6 3. g3 g6 4. Bg2 Bg7 5. e3 f5 6. Nge2 Nf6 7. b3 O-O 8. Bb2 c6
9. O-O Qc7 10. d4 e4 11. d5 c5 12. Nb5 Qe7 13. Nf4 a6 14. Nc3 g5 15. Nh3 h6 16.
Na4 Nbd7 17. Qd2 b5 18. cxb5 axb5 19. Nc3 b4 20. Na4 Ba6 21. Rfe1 Bb5 22. Bxf6
Qxf6 23. Rac1 Bxa4 24. bxa4 Rxa4 25. Qc2 Rfa8 26. Ra1 Qc3 27. Rec1 Qxc2 28.
Rxc2 Bxa1 0-1

[Event "ODJM A 2014"]
[Site "Magdeburg GER"]
[Date "2014.06.10"]
[Round "4"]
[White "Maar, Samuel"]
[Black "Cejda, Moritz"]
[Result "1-0"]
[Termination "normal"]
[Board "19"]
[WhiteElo "1765"]
[BlackElo "1438"]
[PlyCount "61"]
[WhiteFideId "12952591"]
[BlackFideId "12925152"]
[EventCountry "GER"]
[EventRounds "9"]
[EventType "swiss"]
[EventDate "2014.06.07"]

1. c4 e5 2. g3 Nf6 3. Bg2 Nc6 4. Nc3 Bb4 5. Nd5 Bc5 6. e3 d6 7. Nc3 Bg4 8. Nge2
Nb4 9. d3 c6 10. a3 Na6 11. b4 Bb6 12. b5 cxb5 13. Bxb7 Nc5 14. Bc6+ Ke7 15. d4
Ba5 16. f3 Qc8 17. dxc5 dxc5 18. cxb5 a6 19. fxg4 axb5 20. Bxa8 Qxa8 21. Rf1 b4
22. axb4 cxb4 23. Qa4 Qg2 24. Qxa5 bxc3 25. Qc7+ Nd7 26. Ra7 Rd8 27. Qxe5+ Kf8
28. Ba3+ Kg8 29. Rxd7 Ra8 30. Rdxf7 c2 31. Qxg7# 1-0

[Event "ODJM A 2014"]
[Site "Magdeburg GER"]
[Date "2014.06.10"]
[Round "4"]
[White "Vukojevic, Angelo"]
[Black "Pohl, Steffen"]
[Result "0-1"]
[Termination "normal"]
[Board "20"]
[WhiteElo "1448"]
[BlackElo "1712"]
[PlyCount "88"]
[WhiteFideId "12979546"]
[BlackFideId "12987824"]
[EventCountry "GER"]
[EventRounds "9"]
[EventType "swiss"]
[EventDate "2014.06.07"]

1. e4 Nc6 2. Nf3 Nf6 3. e5 Ng4 4. d4 d6 5. h3 Nh6 6. Bb5 a6 7. Bxc6+ bxc6 8.
Bxh6 gxh6 9. exd6 cxd6 10. c4 Rb8 11. Qd2 Bg7 12. Nc3 Be6 13. d5 cxd5 14. cxd5
Qa5 15. O-O Bxc3 16. bxc3 Bxd5 17. Rab1 O-O 18. Qxh6 Bxf3 19. gxf3 Qxc3 20. Kh2
Kh8 21. Rb3 Qg7 22. Qc1 Rbc8 23. Qe1 Rg8 24. Rg1 Qxg1+ 25. Qxg1 Rxg1 26. Kxg1
Rc7 27. Ra3 Rc6 28. Rd3 Kg7 29. Kg2 Kf6 30. f4 Rc2 31. Ra3 Rc6 32. Kf3 d5 33.
Ke3 Kf5 34. Rd3 e6 35. a3 Rc4 36. Kf3 Rxf4+ 37. Kg3 Rc4 38. f3 d4 39. Rb3 Rc3
40. Rb7 Kg6 41. a4 Ra3 42. Rb4 d3 43. Kf4 d2 44. Rd4 Rxa4 0-1

[Event "ODJM A 2014"]
[Site "Magdeburg GER"]
[Date "2014.06.10"]
[Round "4"]
[White "Karsay, Pascal"]
[Black "Denzer, Johannes"]
[Result "1/2-1/2"]
[Termination "normal"]
[Board "21"]
[WhiteElo "1779"]
[BlackElo "1637"]
[PlyCount "47"]
[WhiteFideId "12953474"]
[BlackFideId "1271724"]
[EventCountry "GER"]
[EventRounds "9"]
[EventType "swiss"]
[EventDate "2014.06.07"]

1. e4 c5 2. Nf3 Nc6 3. d4 cxd4 4. Nxd4 g6 5. Nc3 Bg7 6. Be3 d6 7. Be2 Nf6 8. f3
Bd7 9. Qd2 a6 10. O-O-O Rc8 11. g4 b5 12. g5 b4 13. Nd5 Nxd5 14. exd5 Ne5 15.
Qxb4 a5 16. Qe1 Qc7 17. Ba6 Nxf3 18. Qf2 Nxd4 19. Bxc8 Nf5 20. Bxd7+ Qxd7 21.
h4 Qa4 22. Kb1 Kd7 23. Qf4 Qb5 24. Bc1 1/2-1/2

[Event "ODJM A 2014"]
[Site "Magdeburg GER"]
[Date "2014.06.10"]
[Round "4"]
[White "Hinrichs, Niklas"]
[Black "Möller, Hannah"]
[Result "1-0"]
[Termination "normal"]
[Board "22"]
[WhiteElo "1711"]
[BlackElo "1577"]
[PlyCount "105"]
[WhiteFideId "12942499"]
[BlackFideId "1270514"]
[EventCountry "GER"]
[EventRounds "9"]
[EventType "swiss"]
[EventDate "2014.06.07"]

1. d4 Nf6 2. Nf3 g6 3. Bf4 Bg7 4. e3 d6 5. h3 Nbd7 6. Be2 c5 7. Bh2 a6 8. a4
O-O 9. O-O b6 10. c4 Bb7 11. Nc3 Ne4 12. Qc2 Ndf6 13. Rfd1 Re8 14. Rab1 Qd7 15.
Nd2 Ng5 16. Qb3 Qc7 17. d5 e6 18. h4 exd5 19. hxg5 dxc4 20. Bxc4 Ng4 21. Bg3
Ne5 22. Nd5 Bxd5 23. Bxd5 Rab8 24. Bxe5 Rxe5 25. Nf3 Ree8 26. Qd3 Red8 27. Qxa6
Qe7 28. Qd3 Qa7 29. Bc6 Qc7 30. Bb5 Qe7 31. Qd5 Qc7 32. Nd2 Qe7 33. Nc4 Be5 34.
Rd3 Kf8 35. Rbd1 Kg8 36. f4 Bg7 37. Nxd6 Bxb2 38. Qc6 Bg7 39. Nc4 Rxd3 40. Rxd3
Bd4 41. Kf2 Bg7 42. Rd7 Qe8 43. Qd5 Qf8 44. Nd6 Kh8 45. Nxf7+ Kg8 46. Nh6+ Kh8
47. Nf7+ Kg8 48. Bc4 Bb2 49. g4 Ba1 50. Ne5+ Kh8 51. Nxg6+ hxg6 52. Qh1+ Qh6
53. Qxh6# 1-0

[Event "ODJM A 2014"]
[Site "Magdeburg GER"]
[Date "2014.06.10"]
[Round "4"]
[White "Kasel, Alexander"]
[Black "Acikel, Mert"]
[Result "1/2-1/2"]
[Termination "normal"]
[Board "23"]
[WhiteElo "1498"]
[BlackElo "1707"]
[PlyCount "87"]
[WhiteFideId "12969982"]
[BlackFideId "12956465"]
[EventCountry "GER"]
[EventRounds "9"]
[EventType "swiss"]
[EventDate "2014.06.07"]

1. c4 e5 2. Nc3 Nf6 3. g3 Be7 4. Bg2 d6 5. Nf3 O-O 6. O-O Nc6 7. d3 Re8 8. Rb1
Bf8 9. Nd2 Rb8 10. a3 h6 11. b4 Nd4 12. Nf3 Ne6 13. b5 Nc5 14. Nd2 Be6 15. f4
exf4 16. Rxf4 Bg4 17. Nde4 Ncxe4 18. Nxe4 Nxe4 19. Bxe4 Be6 20. a4 d5 21. cxd5
Bxd5 22. Bxd5 Qxd5 23. e3 Rbd8 24. d4 Qc4 25. Qb3 Qe6 26. Qxe6 Rxe6 27. Bd2 Be7
28. Rbf1 Rf6 29. Rxf6 Bxf6 30. Rf5 Be7 31. Bc3 Bd6 32. e4 Be7 33. Kg2 Kf8 34.
e5 Rd5 35. Kf3 g6 36. Ke4 c6 37. bxc6 bxc6 38. Rf3 Ke8 39. Bd2 h5 40. Rb3 Rd7
41. Rb8+ Rd8 42. Rb7 Rd7 43. Rb8+ Rd8 44. Rb7 1/2-1/2